000 00213nam a2200097Ia 4500
008 240331s9999 xx 000 0 und d
082 _bTHA
100 _aThasisiyas,
245 0 _aThamilaka nadakarkalukku
942 _cL
999 _c3704
_d3704